<?xml version="1.0" encoding="UTF-8"?>
<record
    xmlns:xsi="http://www.w3.org/2001/XMLSchema-instance"
    xsi:schemaLocation="http://www.loc.gov/MARC21/slim http://www.loc.gov/standards/marcxml/schema/MARC21slim.xsd"
    xmlns="http://www.loc.gov/MARC21/slim">

  <leader>02356nam a2200277 a 4500</leader>
  <controlfield tag="003">OSt</controlfield>
  <controlfield tag="005">20260423132419.0</controlfield>
  <controlfield tag="007">cr ||||||a|c|a</controlfield>
  <controlfield tag="008">251118s2025    mx a|||fo|||| 00| 0 spa d</controlfield>
  <datafield tag="020" ind1=" " ind2=" ">
    <subfield code="a"> 978-607-12-0685-5</subfield>
  </datafield>
  <datafield tag="040" ind1=" " ind2=" ">
    <subfield code="c">CHAP</subfield>
    <subfield code="e">rda</subfield>
  </datafield>
  <datafield tag="100" ind1="1" ind2=" ">
    <subfield code="a">Morett Alatorre, Luis</subfield>
    <subfield code="9">78762</subfield>
  </datafield>
  <datafield tag="245" ind1="1" ind2="0">
    <subfield code="a">Pomona mexicana:</subfield>
    <subfield code="b">escultura de Carlos Bracho /</subfield>
    <subfield code="c">Luis Morett Alatorre</subfield>
  </datafield>
  <datafield tag="250" ind1=" " ind2=" ">
    <subfield code="a">Primera edici&#xF3;n.</subfield>
  </datafield>
  <datafield tag="264" ind1=" " ind2="1">
    <subfield code="a">M&#xE9;xico:</subfield>
    <subfield code="b">Universidad Aut&#xF3;noma Chapingo,</subfield>
    <subfield code="c">2025.</subfield>
  </datafield>
  <datafield tag="300" ind1=" " ind2=" ">
    <subfield code="a">1 recurso en l&#xED;nea (52 p&#xE1;ginas).</subfield>
  </datafield>
  <datafield tag="336" ind1=" " ind2=" ">
    <subfield code="2">rdacontent</subfield>
    <subfield code="a">texto</subfield>
    <subfield code="b">txt</subfield>
  </datafield>
  <datafield tag="337" ind1=" " ind2=" ">
    <subfield code="2">rdamedia</subfield>
    <subfield code="a">sin medio</subfield>
    <subfield code="b">n</subfield>
  </datafield>
  <datafield tag="338" ind1=" " ind2=" ">
    <subfield code="2">rdacarrier</subfield>
    <subfield code="a">volumen</subfield>
    <subfield code="b">nc</subfield>
  </datafield>
  <datafield tag="504" ind1=" " ind2=" ">
    <subfield code="a"> </subfield>
  </datafield>
  <datafield tag="520" ind1=" " ind2=" ">
    <subfield code="a">La Pomona, es el nombre con el que la comunidad universitaria se refiere a una de las esculturas m&#xE1;s importantes del patrimonio hist&#xF3;rico y art&#xED;stico de la Universidad Aut&#xF3;noma Chapingo. Esta desde 1946 custodi&#xF3; el acceso a la Capilla Riveriana, hasta que a finales de 1998 fue reubicada en el jard&#xED;n contiguo al casco de la ex hacienda. Carlos Bracho autor de la escultura, de la misma manera que los j&#xF3;venes alumnos de la Escuela Nacional de Agricultura (ena) que se integraron a las fuerzas de la Revoluci&#xF3;n, vivi&#xF3; el momento hist&#xF3;rico y se perme&#xF3; de los valores del nacionalismo y de la &#xE9;tica de compromiso social que refundaron a la naci&#xF3;n. En ese contexto a diferencia del conjunto escult&#xF3;rico decimon&#xF3;nico que adornaba el palacete porfiriano, la Pomona fue creada expl&#xED;citamente para erigirse en s&#xED;mbolo de los dones de la madre tierra e icono emblem&#xE1;tico esencial de la ena, hoy Universidad Aut&#xF3;noma Chapingo. Este ensayo busca acercarse a interrogantes relativas a los grandes m&#xE9;ritos del artista, al valor est&#xE9;tico de su obra, asimismo trata de dar respuesta al c&#xF3;mo, cu&#xE1;ndo, porqu&#xE9; y con qu&#xE9; prop&#xF3;sito fue producida para la entonces Escuela Nacional de Agricultura. El escrito es una invitaci&#xF3;n a redescubrir el sentido y significado de lo que nos rodea en el campus, pues la Pomona es una rica en historia y significado, adem&#xE1;s de enriquecedora ruta para vincular el pasado con el presente</subfield>
  </datafield>
  <datafield tag="600" ind1="1" ind2="0">
    <subfield code="a">Bracho, Carlos,</subfield>
    <subfield code="d">1899-1966,</subfield>
    <subfield code="t">Pomona.</subfield>
    <subfield code="9">191596</subfield>
  </datafield>
  <datafield tag="650" ind1=" " ind2="4">
    <subfield code="a">Escultores mexicanos</subfield>
    <subfield code="x">Universidad Aut&#xF3;noma Chapingo</subfield>
    <subfield code="9">191597</subfield>
  </datafield>
  <datafield tag="856" ind1="4" ind2="0">
    <subfield code="u">http://10.13.5.2/libros/ISBN_978-607-12-0685-5.pdf</subfield>
    <subfield code="y">DESCARGAR PDF</subfield>
  </datafield>
  <datafield tag="942" ind1=" " ind2=" ">
    <subfield code="2">local</subfield>
    <subfield code="c">E-LIBRO</subfield>
  </datafield>
  <datafield tag="999" ind1=" " ind2=" ">
    <subfield code="c">233115</subfield>
    <subfield code="d">233115</subfield>
  </datafield>
  <datafield tag="952" ind1=" " ind2=" ">
    <subfield code="0">0</subfield>
    <subfield code="1">0</subfield>
    <subfield code="2">local</subfield>
    <subfield code="4">0</subfield>
    <subfield code="5">1</subfield>
    <subfield code="7">0</subfield>
    <subfield code="8">E-LIBRO</subfield>
    <subfield code="a">BD</subfield>
    <subfield code="b">BD</subfield>
    <subfield code="c">E_L</subfield>
    <subfield code="d">2025-11-19</subfield>
    <subfield code="l">0</subfield>
    <subfield code="r">2025-11-19 08:54:10</subfield>
    <subfield code="w">2025-11-19</subfield>
    <subfield code="y">E-LIBRO</subfield>
    <subfield code="z">PDF</subfield>
  </datafield>
</record>
